00460 a2200109 4500001001000000005001700010008004100027245016500068100002500233773007500258999001700333ART_5361420260410161822.0260409a 10aLa necesaria e imprescindible publicidad de los actos de la administración tributaria para mejorar el cumplimiento fiscal y garantizar la igualdad ante la ley1 aMecikovsky, Jaime L.0 tDoctrina Penal Tributaria y Económicag- N° 61 (set. 2021)wREV4317 c22485d22485